000 00194 a2200097 4500
020 _a046594003997
041 _aeng
100 _aLiza Barer
245 _aHarold and the Purple Crayon
942 _cK
999 _c27773
_d27773